Fr. Conceicao Rodrigues College of Engineering

Aircraft control and simulation (Record no. 31408)

MARC details
000 -LEADER
fixed length control field 00368nam a2200169Ia 4500
082 ## - DEWEY DECIMAL CLASSIFICATION NUMBER
Classification number 629.134
Item number STE
100 ## - MAIN ENTRY--PERSONAL NAME
Personal name Stevens/Brian L
250 ## - EDITION STATEMENT
Edition statement 2
245 ## - TITLE STATEMENT
Title Aircraft control and simulation
260 ## - PUBLICATION, DISTRIBUTION, ETC.
Name of publisher, distributor, etc. Wiley India
Date of publication, distribution, etc. 2003
366 ## - TRADE AVAILABILITY INFORMATION
Publishers's discount category 20
300 ## - PHYSICAL DESCRIPTION
Extent 664
546 ## - LANGUAGE NOTE
Language note ENGLISH
-- Info.Tech
650 ## - SUBJECT ADDED ENTRY--TOPICAL TERM
Topical term or geographic name entry element Aircraft
654 ## - SUBJECT ADDED ENTRY--FACETED TOPICAL TERMS
Focus term Aircraft control
942 ## - ADDED ENTRY ELEMENTS (KOHA)
Koha item type BOOK
Holdings
Withdrawn status Lost status Damaged status Not for loan Collection Home library Current library Date acquired Source of acquisition Cost, normal purchase price Inventory number Total Checkouts Full call number Barcode Date last seen Date last checked out Cost, replacement price Price effective from Koha item type
        CRC Fr. Agnel's C.Rodrigues College of Engineering Fr. Agnel's C.Rodrigues College of Engineering 17/03/2023 Book Service Syndicate 1036.00 59 dt 11.06.2014 1 629.134 STE 23141 02/02/2026 02/02/2026 1295.00   BOOK